000 00636cab a2200253 4500
001 ABS49265
008 090401t1993 xxu||||| |||| 00| 0 eng d
035 _a(Sirsi) u70607
041 _aeng
245 _aSlow, slow. quick?
260 _c1993
350 _a0
490 _aBuilding Market Report
_vSeptember 1993, 10-13(4)
520 _aAnalyses statistics for new orders in 2Q 1993.
650 _aCONSTRUCTION MARKET
650 _aHOUSE BUILDING
650 _aNEW BUILD
650 _aOUTPUT
650 _aREGIONAL TRENDS
650 _aSTATISTICS
690 _aBUILT ENVIRONMENT
942 _n0
948 _c04/03/1997
999 _c44425
_d44425